-
BRUKNER, PETER . ARDERN, CLARE . BAHR, ROALD . BLAZEY, PAUL & CLARSEN, BEN & CROSSLEY, KEY & BRUCE, FORSTER & HUTCHINSON, MARK & LASINSKY, ANNE AND KHAN, KARIM
Entry Personal Name
Number of records used in: 1
001 - CONTROL NUMBER
003 - CONTROL NUMBER IDENTIFIER
005 - DATE AND TIME OF LATEST TRANSACTION
- control field:
20250422110053.0
008 - FIXED-LENGTH DATA ELEMENTS
- fixed length control field:
250422|| aca||aabn | a|a d
040 ## - CATALOGING SOURCE
- Original cataloging agency:
JRU
- Transcribing agency:
JRU
100 ## - HEADING--PERSONAL NAME
- Personal name:
BRUKNER, PETER . ARDERN, CLARE . BAHR, ROALD . BLAZEY, PAUL & CLARSEN, BEN & CROSSLEY, KEY & BRUCE, FORSTER & HUTCHINSON, MARK & LASINSKY, ANNE AND KHAN, KARIM
670 ## - SOURCE DATA FOUND
- Source citation:
Work cat.: (JRU)8768: BRUKNER, PETER . ARDERN, CLARE . BAHR, ROALD . BLAZEY, PAUL & CLARSEN, BEN & CROSSLEY, KEY & BRUCE, FORSTER & HUTCHINSON, MARK & LASINSKY, ANNE AND KHAN, KARIM , BRUKNER & KHAN'S CLINICAL SPORTS MEDICINE : FOUNDATION'S OF CLINICAL PRACTICE, 2025